000 02448cgm a2200601Ma 4500
001 84159
005 20230410123857.0
007 vd bvaizm
008 070122p19981963nyu143 vljpn d
035 _a(OCoLC)ocm85523931
040 _aHLS
_cHLS
_dBTCTA
_dOCLCQ
_dOCLCG
_dOCLCQ
066 _c$1
020 _a0780021509
020 _a9780780021501
028 4 0 _aHIG050
_bCriterion Collection
029 1 _aAU@
_b000015876138
035 _a(OCoLC)85523931
041 1 _ajpn
_beng
043 _aa-ja---
050 1 4 _aCM DVD 01219
049 _aGRAL
245 0 0 _aTengoku to jigoku
_h[videorecording] /
_cTōhō Kabushiki Kaisha ; Kurosawa Purodakushon ; seisaku Tanaka Tomoyuki, Kikushima Ryūzō ; kyakuhon Oguni Hideo ... [et al.] ; kantoku Kurosawa Akira.
246 1 _iTitle on menu screen, disc label and container:
_aHigh and low
260 _a[New York] :
_bCriterion Collection,
_cc1998.
300 _a1 videodisc (143 min.) :
_bsd., b&w ;
_c4 3/4 in.
490 1 _aCriterion collection ;
_v24
546 _aJapanese dialogue with optional English subtitles.
511 1 _aToshiro Mifune, Tatsuya Nakadai, Kyoko Kagawa, Tatsuya Mihashi.
508 _aPhotography, Asaichi Nakai, Takao Saito; music, Masaru Sato; subtitles, Captions Inc.
500 _aBased on the novel King's ransom, by Ed McBain.
500 _aOriginally produced as a motion picture in 1963.
538 _aDVD; NTSC; copy protected; original aspect ratio (2.35:1, letterboxed); Dolby digital; monaural.
520 _aA complex crime thriller in which a wealthy shoe manufacturer's chauffeur's son is mistaken for his own son and kidnapped for ransom.
650 0 _aFeature films
_zJapan.
650 0 _aDetective and mystery films
_zJapan.
650 0 _aKidnapping
_vDrama.
650 4 _aCine Japonés
700 1 _aKurosawa, Akira,
_d1910-1998.
700 1 _aTanaka, Tomoyuki,
_d1910-
700 1 _aKikushima, Ryūzō,
_d1914-
700 1 _aOguni, Hideo,
_d1904-1996.
700 1 _aMifune, Toshirō,
_d1920-1997.
700 1 _aNakadai, Tatsuya,
_d1932-
700 1 _aMcBain, Ed,
_d1926-2005
_tKing's ransom.
710 2 _aJanus Films.
710 2 _6880-08
_aTōhō Kabushiki Kaisha.
710 2 _6880-09
_aKurosawa Purodakshon.
710 2 _aCriterion Collection (Firm)
830 0 _aCriterion collection (DVD videodiscs) ;
_v24.
938 _aBaker and Taylor
_bBTCP
_nbe2003019703
942 _2lcc
_cdvd
994 _aC0
_bDRFGD
999 _c67628
_d67628